| 000 | 01592nam a2200493 i 4500 | ||
|---|---|---|---|
| 001 | 46864 | ||
| 003 | KOSZ 005 | ||
| 005 | 20210910085432.0 | ||
| 008 | 050812s2005 pl a |001 0 pol | ||
| 015 | _aUWD 2005/14878 | ||
| 020 | _a8373917640 | ||
| 035 | _a991027789859705066 | ||
| 035 | _a(PL-WaBN)b17529888-48omnis_nlop | ||
| 035 | _ab17529888 | ||
| 035 | _a(OCoLC)838706028 | ||
| 035 | _azz2005830778 | ||
| 035 | _a(PL)b0000001752988 | ||
| 035 | _a(EXLNZ-48OMNIS_NETWORK)9910227239405606 | ||
| 040 |
_aWA N _cWA N _dKOSZ 005/HR |
||
| 041 | 1 |
_apol _heng |
|
| 046 | _k2003 | ||
| 080 | _a745.54 | ||
| 080 | _a(02.025.2) | ||
| 100 | 1 |
_aOwen, Cheryl _eAutor |
|
| 245 | 1 | 0 |
_aCuda z papieru / _cCheryl Owen ; z ang. przeł. Anna Cichowicz. |
| 246 | 1 |
_iTyt. oryg.: _aPaper inspirations, _f2003 |
|
| 260 |
_aWarszawa : _bBertelsmann Media, _c2005. |
||
| 300 |
_aS. 3-107, [1] s. : _bfot. kolor., rys. ; _c29 cm. |
||
| 336 |
_aTekst _btxt _2rdacontent |
||
| 337 |
_aBez urządzenia pośredniczącego _bn _2rdamedia |
||
| 338 |
_aWolumin _bnc _2rdacarrier |
||
| 380 | _aKsiążki | ||
| 388 | _a2001- | ||
| 500 | _aPubl. klubu "Świat Książki" nr 5027. | ||
| 504 | _aIndeks. | ||
| 650 | 7 |
_aPapieroplastyka _2DBN |
|
| 655 | 7 |
_aWydawnictwa popularne _2DBN |
|
| 658 | _aHobby i czas wolny | ||
| 700 | 1 |
_aCichowicz, Anna _eTłumaczenie |
|
| 710 | 2 |
_aŚwiat Książki _4pbl |
|
| 856 |
_uhttp://koha.tu.koszalin.pl/cgi-bin/koha/opac-detail.pl?biblionumber=46864 _yKatalog online BPK |
||
| 942 |
_2UKD _cKS |
||
| 999 |
_c46864 _d46864 |
||